000
00272nam a22001097a 4500
008
211013b ||||| |||| 00| 0 eng d
050
_a
Periodicals
245
_a
The Modern Schoolman
260
_b
Saint Louis
_c
1985
300
_a
Not specified
942
_2
lcc
_c
PERIODICAL
999
_c
130821
_d
130821